|
|
|
|
| LEADER |
00000nam0a2200000 4500 |
| 001 |
343027 |
| 005 |
20231102005520.0 |
| 010 |
|
|
|a 9785972903412
|
| 035 |
|
|
|a (RuTPU)RU\TPU\book\372767
|
| 090 |
|
|
|a 343027
|
| 100 |
|
|
|a 20190618d2019 k y0rusy50 ca
|
| 101 |
0 |
|
|a rus
|
| 102 |
|
|
|a RU
|
| 105 |
|
|
|a a z 001zy
|
| 200 |
1 |
|
|a Нефтегазовая инженерия при освоении скважин
|e монография
|f О. В. Савенок, Ю. Д. Качмар, Р. С. Яремийчук
|
| 210 |
|
|
|a Москва
|c Инфра-Инженерия
|d 2019
|
| 215 |
|
|
|a 548 с.
|c ил.
|
| 320 |
|
|
|a Библиогр.: с. 544-547
|
| 330 |
|
|
|a Изложены главные принципы проектирования конструкций забоев скважин. Проанализированы методы испытания пластов при бурении скважин, оценки их фильтрационных свойств. Дано описание устьевого, наземного и подземного оборудования при освоении и испытании скважин. Рассмотрены проблемы и пути развития технологий вторичного вскрытия продуктивных пластов и вызова притока из них. Описаны современные методы воздействия на продуктивные пласты с целью улучшения их фильтрационных свойств.
|
| 606 |
1 |
|
|a Нефтяные скважины
|x Освоение
|2 stltpush
|3 (RuTPU)RU\TPU\subj\46110
|9 65295
|
| 610 |
1 |
|
|a призабойные зоны
|
| 610 |
1 |
|
|a крепление
|
| 610 |
1 |
|
|a забои
|
| 610 |
1 |
|
|a конструкции
|
| 610 |
1 |
|
|a проектирование
|
| 610 |
1 |
|
|a бурение
|
| 610 |
1 |
|
|a перспективные горизонты
|
| 610 |
1 |
|
|a испытания
|
| 610 |
1 |
|
|a гидродинамическая структура
|
| 610 |
1 |
|
|a фильтрационные свойства
|
| 610 |
1 |
|
|a регулирование
|
| 610 |
1 |
|
|a устьевое оборудование
|
| 610 |
1 |
|
|a продуктивные пласты
|
| 610 |
1 |
|
|a вторичное вскрытие
|
| 610 |
1 |
|
|a цементные мосты
|
| 610 |
1 |
|
|a приток
|
| 610 |
1 |
|
|a кислотная обработка
|
| 610 |
1 |
|
|a газированные кислоты
|
| 610 |
1 |
|
|a гидравлический разрыв
|
| 610 |
1 |
|
|a мощный гидроразрыв
|
| 610 |
1 |
|
|a струйные аппараты
|
| 610 |
1 |
|
|a многократные депрессии
|
| 610 |
1 |
|
|a репрессии
|
| 610 |
1 |
|
|a коллекторы
|
| 610 |
1 |
|
|a гидродинамические исследования
|
| 610 |
1 |
|
|a монографии
|
| 675 |
|
|
|a 622.245
|v 4
|
| 700 |
|
1 |
|a Савенок
|b О. В.
|g Ольга Вадимовна
|
| 701 |
|
1 |
|a Качмар
|b Ю. Д.
|g Юрий Дмитриевич
|
| 701 |
|
1 |
|a Яремийчук
|b Р. С.
|g Роман Семенович
|
| 801 |
|
1 |
|a RU
|b 63413507
|c 20190618
|
| 801 |
|
2 |
|a RU
|b 63413507
|c 20190710
|g RCR
|
| 942 |
|
|
|c BK
|